[Event "Southwest op 83rd"]
[Site "Irving"]
[Date "2017.09.03"]
[Round "7"]
[White "Preotu, Razvan"]
[Black "Kambrath, Yannick"]
[Result "0-1"]
[WhiteElo "2501"]
[BlackElo "2323"]
[WhiteFideId "-1"]
[WhiteFideId "-1"]
[PlyCount "116"]
[GameId "1207946030608384"]
[EventDate "2017.08.31"]
[EventType "swiss"]
[EventRounds "9"]
[EventCountry "USA"]
[SourceTitle "CBM 182"]
[Source "ChessBase"]
[SourceDate "2018.01.17"]
[SourceVersion "1"]
[SourceVersionDate "2018.01.17"]
[SourceQuality "1"]

1. e4 c5 2. Nf3 d6 3. d4 cxd4 4. Nxd4 Nf6 5. Nc3 a6 6. h3 e5 7. Nde2 b5 8. g4 b4 9. Nd5 Nxd5 10. Qxd5 Ra7 11. Be3 Be6 12. Qd2 Rb7 13. Bg2 Be7 14. Ng3 g6 15. g5 Qc8 16. h4 Rc7 17. Rc1 Nc6 18. c4 bxc3 19. Rxc3 O-O 20. O-O Qb7 21. Rfc1 Rfc8 22. Ne2 Bf8 23. a3 Be7 24. b3 Na7 25. Rxc7 Rxc7 26. Rxc7 Qxc7 27. Nc3 Nb5 28. Nd5 Bxd5 29. Qxd5 Nxa3 30. Qa8+ Kg7 31. Qxa6 Nc2 32. Bd2 Nd4 33. Qd3 Bd8 34. Kh2 Qc8 35. Bh3 Qc6 36. f4 Bb6 37. f5 gxf5 38. exf5 Qf3 39. f6+ Kg8 40. Qc4 Qf2+ 41. Kh1 Ne6 42. Qc8+ Nf8 43. Qc1 Qxh4 44. Qf1 Ne6 45. Be1 Qxg5 46. Qg2 Qxg2+ 47. Bxg2 Nf4 48. Bf3 d5 49. Bd2 e4 50. Bxe4 dxe4 51. Bxf4 Kf8 52. Kg2 Ke8 53. Kf1 Kd7 54. Ke2 Ke6 55. b4 Kd5 56. Be3 Bd8 57. Bg5 Bb6 58. Be3 Bd4 0-1

[Event "Calgary int."]
[Site "Calgary CAN"]
[Date "2017.08.02"]
[Round "1.6"]
[White "Preotu, Razvan"]
[Black "Willis, Bradley"]
[Result "1-0"]
[WhiteElo "2501"]
[BlackElo "1991"]
[WhiteFideId "-1"]
[WhiteFideId "-1"]
[PlyCount "43"]
[GameId "2160767908347601"]
[EventDate "2017.08.02"]
[EventType "swiss"]
[EventRounds "9"]
[EventCountry "CAN"]
[SourceTitle "10 Days #515"]
[Source "Chess Mix"]
[SourceDate "2017.08.10"]
[SourceVersion "1"]
[SourceVersionDate "2017.08.10"]
[SourceQuality "1"]

1. e4 e5 2. Nf3 Nc6 3. d4 exd4 4. Nxd4 Bb4+ 5. c3 Bc5 6. Be3 Bb6 7. Nf5 Bxe3 8. Nxe3 Nf6 9. f3 d6 10. c4 O-O 11. Nc3 Be6 12. Qd2 Nd7 13. Be2 Ne7 14. g4 Ng6 15. O-O-O Nf4 16. Bf1 Ne5 17. h4 Nfg6 18. Qf2 c6 19. Qg3 Qf6 20. Nf5 Nxc4 21. f4 b5 22. Bxc4 1-0

[Event "Calgary int."]
[Site "Calgary CAN"]
[Date "2017.08.03"]
[Round "2.6"]
[White "Yoo, Christopher"]
[Black "Preotu, Razvan"]
[Result "1-0"]
[WhiteElo "2242"]
[BlackElo "2501"]
[WhiteFideId "-1"]
[WhiteFideId "-1"]
[PlyCount "63"]
[GameId "2160767908347613"]
[EventDate "2017.08.02"]
[EventType "swiss"]
[EventRounds "9"]
[EventCountry "CAN"]
[SourceTitle "10 Days #515"]
[Source "Chess Mix"]
[SourceDate "2017.08.10"]
[SourceVersion "1"]
[SourceVersionDate "2017.08.10"]
[SourceQuality "1"]

1. e4 c5 2. Nf3 d6 3. d4 cxd4 4. Nxd4 Nf6 5. Nc3 a6 6. f3 e6 7. Be3 b5 8. Qd2 b4 9. Na4 Nbd7 10. O-O-O Qa5 11. b3 Bb7 12. a3 Qc7 13. axb4 d5 14. Bf2 dxe4 15. Bg3 Qc8 16. Bc4 Bd5 17. Bxd5 Nxd5 18. Nf5 N7f6 19. Nd6+ Bxd6 20. Bxd6 Qc6 21. Bc5 exf3 22. c4 Ne7 23. gxf3 Nf5 24. Nb6 Rb8 25. Rhe1 a5 26. Re5 Nh4 27. b5 Qc7 28. Qf4 Rb7 29. Bd6 Qxb6 30. Qxh4 Qd8 31. c5 Rxb5 32. Qc4 1-0

[Event "Calgary int."]
[Site "Calgary CAN"]
[Date "2017.08.03"]
[Round "3.6"]
[White "Preotu, Razvan"]
[Black "Ebrahim Shirazi, Behrooz"]
[Result "1-0"]
[WhiteElo "2501"]
[BlackElo "2037"]
[WhiteFideId "-1"]
[WhiteFideId "-1"]
[PlyCount "63"]
[GameId "2160767908347624"]
[EventDate "2017.08.02"]
[EventType "swiss"]
[EventRounds "9"]
[EventCountry "CAN"]
[SourceTitle "10 Days #515"]
[Source "Chess Mix"]
[SourceDate "2017.08.10"]
[SourceVersion "1"]
[SourceVersionDate "2017.08.10"]
[SourceQuality "1"]

1. e4 e6 2. d4 d5 3. Nd2 Nf6 4. e5 Nfd7 5. Bd3 c5 6. c3 b6 7. Ne2 Ba6 8. Bxa6 Nxa6 9. Nf4 Nc7 10. Qg4 h6 11. h4 g6 12. Nf3 Nb8 13. dxc5 bxc5 14. c4 d4 15. h5 g5 16. Nd3 Nc6 17. Qe4 Qd7 18. Nh2 Be7 19. Ng4 Na6 20. Bd2 Qb7 21. O-O O-O-O 22. f4 Rdf8 23. fxg5 hxg5 24. h6 Nab4 25. Rf3 Nxd3 26. Qxd3 Bd8 27. Raf1 Qc7 28. Qe4 Rhg8 29. a3 Qb7 30. b4 Bb6 31. bxc5 Bxc5 32. Rb1 1-0

[Event "Calgary int."]
[Site "Calgary CAN"]
[Date "2017.08.04"]
[Round "4.5"]
[White "Matras-Clement, Agnieszka"]
[Black "Preotu, Razvan"]
[Result "0-1"]
[WhiteElo "2230"]
[BlackElo "2501"]
[WhiteFideId "-1"]
[WhiteFideId "-1"]
[PlyCount "98"]
[GameId "2160767908347638"]
[EventDate "2017.08.02"]
[EventType "swiss"]
[EventRounds "9"]
[EventCountry "CAN"]

1. e4 e5 2. Nf3 d6 3. d4 exd4 4. Nxd4 Nf6 5. Nc3 Be7 6. Bc4 O-O 7. O-O Nbd7 8. Re1 Nb6 9. Bf1 c6 10. h3 Re8 11. Bf4 Bf8 12. Qf3 Nfd7 13. Rad1 Nc5 14. Qg3 Nba4 15. Nxa4 Nxa4 16. b4 Qf6 17. e5 dxe5 18. Bxe5 Qg6 19. Qb3 Nb6 20. c4 a5 21. Bc7 Rxe1 22. Rxe1 Nd7 23. Re8 axb4 24. Bd3 Qf6 25. Nf5 g6 26. Ne7+ Kg7 27. Nxc8 Bc5 28. Bg3 Ra3 29. Qd1 Qc3 30. Rd8 Qxd3 31. Be5+ Nxe5 32. Rxd3 Nxd3 33. Qe2 Bxf2+ 34. Kf1 Rc3 35. Qg4 Ne5 36. Qg5 f6 37. Qd2 Be3 38. Qd8 Rc2 39. Qe7+ Kh6 40. Qf8+ Kg5 41. Nd6 Rf2+ 42. Kg1 Rxa2+ 43. Kf1 b3 44. Ne4+ Kf4 45. Nxf6 b2 46. g3+ Kxg3 47. Ne4+ Kh2 48. Nc3 b1=Q+ 49. Nxb1 Rf2+ 0-1

[Event "Calgary int."]
[Site "Calgary CAN"]
[Date "2017.08.05"]
[Round "5.2"]
[White "Preotu, Razvan"]
[Black "Cao, Jason"]
[Result "1-0"]
[WhiteElo "2501"]
[BlackElo "2328"]
[WhiteFideId "-1"]
[WhiteFideId "-1"]
[PlyCount "71"]
[GameId "2160767908347648"]
[EventDate "2017.08.02"]
[EventType "swiss"]
[EventRounds "9"]
[EventCountry "CAN"]
[SourceTitle "10 Days #515"]
[Source "Chess Mix"]
[SourceDate "2017.08.10"]
[SourceVersion "1"]
[SourceVersionDate "2017.08.10"]
[SourceQuality "1"]

1. e4 c5 2. Nf3 e6 3. d3 Nc6 4. g3 Nf6 5. Bg2 d5 6. Nbd2 Be7 7. O-O b6 8. Re1 Bb7 9. c3 Qc7 10. Qe2 O-O-O 11. a3 Ba6 12. e5 Nd7 13. b4 Kb8 14. Rb1 cxb4 15. axb4 Bb7 16. Nb3 b5 17. Nc5 Bxc5 18. bxc5 a6 19. Ba3 Na7 20. Ng5 Nxc5 21. Bxc5 Qxc5 22. Nxf7 Qxc3 23. Nxh8 Rxh8 24. Qg4 Re8 25. Qxg7 Qxd3 26. Rbc1 Rc8 27. Qd7 Qd2 28. Rcd1 Qh6 29. f4 Nc6 30. Qd6+ Ka8 31. Bxd5 Rd8 32. Bxc6 Rxd6 33. Bxb7+ Kxb7 34. exd6 Kc8 35. d7+ Kd8 36. f5 1-0

[Event "Calgary int."]
[Site "Calgary CAN"]
[Date "2017.08.05"]
[Round "6.1"]
[White "Preotu, Razvan"]
[Black "Sambuev, Bator"]
[Result "1-0"]
[WhiteElo "2501"]
[BlackElo "2522"]
[WhiteFideId "-1"]
[WhiteFideId "-1"]
[PlyCount "81"]
[GameId "2160767908347659"]
[EventDate "2017.08.02"]
[EventType "swiss"]
[EventRounds "9"]
[EventCountry "CAN"]
[SourceTitle "10 Days #515"]
[Source "Chess Mix"]
[SourceDate "2017.08.10"]
[SourceVersion "1"]
[SourceVersionDate "2017.08.10"]
[SourceQuality "1"]

1. e4 e6 2. d4 d5 3. Nd2 c5 4. Ngf3 Nf6 5. exd5 exd5 6. Bb5+ Bd7 7. Qe2+ Be7 8. dxc5 O-O 9. Nb3 Re8 10. Be3 a6 11. Bd3 Ba4 12. Nbd4 Bxc5 13. O-O Nc6 14. c3 Nxd4 15. Nxd4 Bxd4 16. cxd4 Qd7 17. Qf3 Ne4 18. Rfe1 Bb5 19. Bc2 Re6 20. Qf4 Rae8 21. f3 Nd6 22. Bd2 Be2 23. Bb4 g6 24. Rac1 Nc4 25. b3 Nb6 26. Bb1 Qb5 27. Rc7 Nd7 28. Qd2 Nf6 29. a4 Qb6 30. Rec1 Kg7 31. a5 Qa7 32. Qf4 Bb5 33. h4 Bd7 34. g4 Re4 35. fxe4 Qxd4+ 36. Qf2 Qxb4 37. Rf1 Qe7 38. Qxf6+ Qxf6 39. Rxf6 Kxf6 40. Rxd7 Rc8 41. Kf2 1-0

[Event "Calgary int."]
[Site "Calgary CAN"]
[Date "2017.08.06"]
[Round "7.1"]
[White "Mikhalevski, Victor"]
[Black "Preotu, Razvan"]
[Result "1-0"]
[WhiteElo "2533"]
[BlackElo "2501"]
[WhiteFideId "-1"]
[WhiteFideId "-1"]
[PlyCount "141"]
[GameId "2160767908347673"]
[EventDate "2017.08.02"]
[EventType "swiss"]
[EventRounds "9"]
[EventCountry "CAN"]
[SourceTitle "10 Days #515"]
[Source "Chess Mix"]
[SourceDate "2017.08.10"]
[SourceVersion "1"]
[SourceVersionDate "2017.08.10"]
[SourceQuality "1"]

1. d4 Nf6 2. Nf3 e6 3. c4 b6 4. g3 Ba6 5. Qa4 Bb7 6. Bg2 c5 7. dxc5 bxc5 8. O-O Be7 9. Nc3 O-O 10. Rd1 Qb6 11. Bf4 Rd8 12. Rd2 d6 13. Rad1 h6 14. h3 g5 15. Be3 Nc6 16. a3 Na5 17. Ne1 Nb3 18. Rd3 Bxg2 19. Nxg2 Rab8 20. Nb5 Na5 21. Nc3 Nc6 22. b4 Ne5 23. bxc5 dxc5 24. Rxd8+ Rxd8 25. Rb1 Qc6 26. Qxa7 Nfd7 27. a4 Nxc4 28. Qb7 Qxb7 29. Rxb7 Kf8 30. Bc1 Nd6 31. Rb1 Ra8 32. Ne3 Bf6 33. Ned1 Nc4 34. Rb5 Ncb6 35. a5 Nc4 36. Ne4 Be7 37. h4 f5 38. Nd2 Nd6 39. Rb1 Rxa5 40. hxg5 hxg5 41. Bb2 Nb6 42. e4 Nxe4 43. Nxe4 fxe4 44. Nc3 Kf7 45. Bc1 Nd5 46. Nxe4 g4 47. Bg5 Bf8 48. Bd2 Ra2 49. Ng5+ Kf6 50. Nh7+ Kf5 51. Nxf8 Rxd2 52. Rc1 Nf6 53. Rxc5+ e5 54. Rc7 Rd6 55. Rf7 Ke4 56. Nh7 Nd5 57. Rg7 Kf3 58. Ng5+ Ke2 59. Ne4 Ra6 60. Kg2 Ra4 61. Rxg4 Rc4 62. Kh3 Kd3 63. Ng5 e4 64. Nf7 Rc7 65. Ne5+ Ke2 66. Kg2 e3 67. Re4 Rc8 68. Ng4 Rf8 69. Re5 Rg8 70. Rxd5 Rxg4 71. Re5 1-0

[Event "Calgary int."]
[Site "Calgary CAN"]
[Date "2017.08.06"]
[Round "8.3"]
[White "Gareev, Timur"]
[Black "Preotu, Razvan"]
[Result "1/2-1/2"]
[WhiteElo "2620"]
[BlackElo "2501"]
[WhiteFideId "-1"]
[WhiteFideId "-1"]
[PlyCount "85"]
[GameId "2160767908347687"]
[EventDate "2017.08.02"]
[EventType "swiss"]
[EventRounds "9"]
[EventCountry "CAN"]
[SourceTitle "10 Days #515"]
[Source "Chess Mix"]
[SourceDate "2017.08.10"]
[SourceVersion "1"]
[SourceVersionDate "2017.08.10"]
[SourceQuality "1"]

1. d4 Nf6 2. c4 e6 3. Nc3 Bb4 4. e3 O-O 5. Bd3 d5 6. cxd5 exd5 7. Nge2 Bd6 8. Bd2 c5 9. dxc5 Bxc5 10. Rc1 Nc6 11. Nb5 Qb6 12. O-O Ne5 13. Bc3 Nxd3 14. Qxd3 Bd7 15. Nc7 Qxc7 16. Bxf6 gxf6 17. b4 Qb6 18. Rxc5 Qxb4 19. Rxd5 Bc6 20. Rd4 Qb5 21. Qd2 Kh8 22. Rc1 Rg8 23. Ng3 a5 24. h4 a4 25. a3 Qa5 26. Qa2 Qe5 27. Kh2 Qe6 28. Qb2 Qe5 29. Rcc4 Rad8 30. Qb4 Rd5 31. Rf4 Rd3 32. Rxc6 bxc6 33. Qxa4 c5 34. Rf5 Qe6 35. Qf4 Qd6 36. Qxd6 Rxd6 37. Rxc5 Ra6 38. Rf5 Rg4 39. Kh3 Rga4 40. Rb5 Ra8 41. Rb7 R4a7 42. Rb4 Ra4 43. Rb7 1/2-1/2

[Event "Calgary int."]
[Site "Calgary CAN"]
[Date "2017.08.07"]
[Round "9.4"]
[White "Preotu, Razvan"]
[Black "Moradiabadi, Elshan"]
[Result "1-0"]
[WhiteElo "2501"]
[BlackElo "2530"]
[WhiteFideId "-1"]
[WhiteFideId "-1"]
[PlyCount "101"]
[GameId "2160767908347699"]
[EventDate "2017.08.02"]
[EventType "swiss"]
[EventRounds "9"]
[EventCountry "CAN"]

1. e4 e5 2. Nf3 Nc6 3. Bc4 Bc5 4. O-O Nf6 5. d3 a6 6. c3 d6 7. h3 Ba7 8. a4 h6 9. Nbd2 g5 10. Ba2 Qe7 11. Nc4 g4 12. hxg4 Nxg4 13. Ne3 Nxe3 14. Bxe3 Rg8 15. Bxa7 Nxa7 16. Ne1 Nc6 17. f4 Be6 18. Bxe6 Qxe6 19. f5 Qf6 20. b4 a5 21. Nc2 axb4 22. cxb4 d5 23. b5 Ne7 24. Qf3 Qb6+ 25. Qf2 dxe4 26. Qxb6 cxb6 27. dxe4 Rg4 28. f6 Ng6 29. Ne3 Rxe4 30. Nd5 O-O-O 31. Nxb6+ Kb8 32. a5 Nf4 33. Rfe1 Re2 34. Rxe2 Nxe2+ 35. Kf2 Nc3 36. Re1 e4 37. Rh1 Nxb5 38. Rxh6 Nd6 39. Rh5 Re8 40. Ke3 Rg8 41. Nd5 Ka7 42. Nf4 Kb8 43. Nd5 Ka7 44. Kf4 Rxg2 45. Ke5 Ne8 46. Rh8 Rg5+ 47. Kxe4 Nd6+ 48. Kd4 Rg4+ 49. Ke5 Nc4+ 50. Kf5 Rd4 51. Nc7 1-0

[Event "Titled Tuesday 2017.08.01"]
[Site "Chess.com INT"]
[Date "2017.08.01"]
[Round "5"]
[White "Le, Tuan Minh"]
[Black "Preotu, Razvan"]
[Result "0-1"]
[WhiteElo "2485"]
[BlackElo "2501"]
[WhiteFideId "-1"]
[WhiteFideId "-1"]
[PlyCount "70"]
[GameId "1515668449140736"]
[EventDate "2017.08.01"]
[EventType "swiss (blitz)"]
[EventRounds "10"]
[EventCountry "NET"]
[SourceTitle "EXT 2021"]
[Source "ChessBase"]
[SourceDate "2020.10.23"]
[SourceVersion "1"]
[SourceVersionDate "2020.10.23"]
[SourceQuality "1"]

1. d4 Nf6 2. c4 e6 3. Nc3 Bb4 4. e3 O-O 5. Nge2 d5 6. a3 Be7 7. cxd5 exd5 8. Nf4 c6 9. Bd3 a5 10. O-O Na6 11. Bc2 Nc7 12. Bd2 Ne6 13. Nfe2 b5 14. Ng3 Re8 15. Rc1 Ba6 16. Nce2 Qb6 17. Bd3 c5 18. dxc5 Nxc5 19. Bb1 b4 20. axb4 axb4 21. Re1 Nfe4 22. Nf4 Red8 23. Nf5 Bf6 24. Nd4 Bc4 25. b3 Bxd4 26. bxc4 Bc3 27. Bxc3 Nxc3 28. Qg4 dxc4 29. Nh5 Qh6 30. h4 Nd3 31. Bxd3 cxd3 32. Ng3 d2 33. Nf5 Qf6 34. Rf1 dxc1=Q 35. Rxc1 b3 0-1

[Event "CAN-op"]
[Site "Sault Ste Marie CAN"]
[Date "2017.07.08"]
[Round "1.3"]
[White "Preotu, Razvan"]
[Black "Itkin, David"]
[Result "0-1"]
[WhiteElo "2496"]
[BlackElo "2181"]
[WhiteFideId "-1"]
[WhiteFideId "-1"]
[PlyCount "78"]
[GameId "2160767908347888"]
[EventDate "2017.07.08"]
[EventType "swiss"]
[EventRounds "9"]
[EventCountry "CAN"]
[SourceTitle "hb 2017"]

1. e4 c6 2. d4 d5 3. e5 Bf5 4. Nf3 e6 5. Be2 c5 6. Be3 cxd4 7. Nxd4 Ne7 8. c4 Nbc6 9. Nc3 Nxd4 10. Bxd4 dxc4 11. Bxc4 Nc6 12. Bb5 Be7 13. O-O O-O 14. Bxc6 bxc6 15. f4 c5 16. Be3 Qb8 17. Qe2 c4 18. Rfe1 Rd8 19. Rad1 Qb4 20. Rxd8+ Bxd8 21. Rd1 Bd3 22. Qf3 Rc8 23. Rd2 Qb8 24. Qd1 Ba5 25. Qa4 Bb6 26. Bf2 Bxf2+ 27. Rxf2 Qb6 28. Qd7 Rf8 29. g3 Rd8 30. Qe7 Bf5 31. Kg2 Qc6+ 32. Kg1 Qb6 33. Kg2 h6 34. h3 Rd3 35. Re2 Qc6+ 36. Kh2 Qf3 37. Rg2 Kh7 38. g4 Qxf4+ 39. Kg1 Be4 0-1

[Event "CAN-op"]
[Site "Sault Ste Marie CAN"]
[Date "2017.07.09"]
[Round "2.11"]
[White "Chakkoli, Shiva"]
[Black "Preotu, Razvan"]
[Result "0-1"]
[WhiteElo "2075"]
[BlackElo "2496"]
[WhiteFideId "-1"]
[WhiteFideId "-1"]
[PlyCount "88"]
[GameId "2160767908343815"]
[EventDate "2017.07.08"]
[EventType "swiss"]
[EventRounds "9"]
[EventCountry "CAN"]
[SourceTitle "hb 2017"]

1. c4 c5 2. Nc3 Nc6 3. g3 g6 4. Bg2 Bg7 5. e4 e6 6. Nge2 Nge7 7. d3 Nd4 8. O-O O-O 9. Rb1 Nec6 10. f4 d6 11. Kh1 Rb8 12. Be3 a6 13. a4 Bd7 14. b3 Nb4 15. Qd2 Nbc2 16. Bg1 b5 17. axb5 axb5 18. Nxd4 Nxd4 19. Ne2 Bc6 20. Nxd4 cxd4 21. f5 Bf6 22. h3 e5 23. h4 g5 24. h5 Qb6 25. b4 Qb7 26. Qe2 Ra8 27. Rfc1 bxc4 28. dxc4 Ra3 29. b5 Bd7 30. Kh2 Rfa8 31. Rb2 Bd8 32. Qd2 h6 33. Qb4 Qb8 34. Rb3 Rxb3 35. Qxb3 Bb6 36. Qd3 Ra2 37. Rc2 Ra1 38. Rd2 Qa7 39. Rd1 Ra3 40. Qd2 Ra2 41. Qd3 Qa5 42. Rc1 Bc8 43. Kh3 Bb7 44. Kg4 Rxg2 0-1

[Event "CAN-op"]
[Site "Sault Ste Marie CAN"]
[Date "2017.07.10"]
[Round "3.6"]
[White "Preotu, Razvan"]
[Black "Hua, Eugene"]
[Result "1-0"]
[WhiteElo "2496"]
[BlackElo "2251"]
[WhiteFideId "-1"]
[WhiteFideId "-1"]
[PlyCount "57"]
[GameId "2160767908343827"]
[EventDate "2017.07.08"]
[EventType "swiss"]
[EventRounds "9"]
[EventCountry "CAN"]
[SourceTitle "hb 2017"]

1. e4 c5 2. Nf3 e6 3. d4 cxd4 4. Nxd4 Nc6 5. Nc3 Qc7 6. Be3 a6 7. Qd2 Nf6 8. f3 Bb4 9. O-O-O O-O 10. g4 b5 11. g5 Nh5 12. a3 Ba5 13. Nb3 b4 14. axb4 Bxb4 15. Bc5 Bxc5 16. Nxc5 Rb8 17. Qd6 Qa5 18. N3a4 Rb4 19. b3 e5 20. c3 Rb8 21. Bc4 Nf4 22. h4 Ne6 23. g6 hxg6 24. h5 Qd8 25. hxg6 Qg5+ 26. Kb2 Qg2+ 27. Ka3 fxg6 28. Nxe6 dxe6 29. Rdg1 1-0

[Event "CAN-op"]
[Site "Sault Ste Marie CAN"]
[Date "2017.07.11"]
[Round "4.4"]
[White "Plotkin, Victor"]
[Black "Preotu, Razvan"]
[Result "0-1"]
[WhiteElo "2265"]
[BlackElo "2496"]
[WhiteFideId "-1"]
[WhiteFideId "-1"]
[PlyCount "80"]
[GameId "2160767908343841"]
[EventDate "2017.07.08"]
[EventType "swiss"]
[EventRounds "9"]
[EventCountry "CAN"]
[SourceTitle "hb 2017"]

1. e4 e5 2. Nf3 Nc6 3. Bc4 Nf6 4. d3 Be7 5. O-O O-O 6. h3 d6 7. Nc3 Na5 8. Bb3 Nxb3 9. axb3 c5 10. Qe2 h6 11. Nd2 Be6 12. Nc4 Re8 13. Qf3 Bf8 14. g4 g6 15. Qg3 Bg7 16. f4 exf4 17. Bxf4 d5 18. Nd6 Re7 19. e5 Nd7 20. Qh2 Qb6 21. Kh1 d4 22. Nce4 Bd5 23. Nc4 Bxe4+ 24. dxe4 Qe6 25. Qd2 g5 26. Bh2 Nxe5 27. Nxe5 Bxe5 28. Rae1 Qg6 29. Rf5 Rae8 30. Ref1 Bxh2 31. Qxh2 Qc6 32. Qg2 Qxe4 33. Qxe4 Rxe4 34. Rxf7 Re1 35. Kg1 Rxf1+ 36. Rxf1 Re2 37. Rf2 Rxf2 38. Kxf2 Kf7 39. Kf3 Ke6 40. Ke4 a5 0-1

[Event "CAN-op"]
[Site "Sault Ste Marie CAN"]
[Date "2017.07.12"]
[Round "5.3"]
[White "Preotu, Razvan"]
[Black "Ragnarsson, Dagur"]
[Result "1-0"]
[WhiteElo "2496"]
[BlackElo "2366"]
[WhiteFideId "-1"]
[WhiteFideId "-1"]
[PlyCount "95"]
[GameId "2160767908343854"]
[EventDate "2017.07.08"]
[EventType "swiss"]
[EventRounds "9"]
[EventCountry "CAN"]
[SourceTitle "hb 2017"]

1. e4 c6 2. d4 d5 3. e5 Bf5 4. Nf3 e6 5. Be2 Ne7 6. O-O c5 7. c4 Nbc6 8. dxc5 d4 9. Qb3 Qd7 10. Rd1 Ng6 11. Nc3 Bxc5 12. Qb5 b6 13. Na4 Ncxe5 14. Qxd7+ Nxd7 15. Nxd4 Bxd4 16. Rxd4 e5 17. Rd2 Nf4 18. Bf1 O-O-O 19. b4 Nb8 20. c5 bxc5 21. Nxc5 Nc6 22. Rxd8+ Rxd8 23. Bxf4 exf4 24. b5 Nb4 25. a4 Rd5 26. Rc1 Na2 27. Rc4 Rd1 28. h4 f3 29. g4 Bxg4 30. Nd3+ Kb8 31. Rxg4 Nc3 32. Rxg7 Ne2+ 33. Kh2 Rxd3 34. Rxf7 h5 35. a5 Rd1 36. Bh3 Nd4 37. Rd7 Rd2 38. Kg3 Rd3 39. Kf4 Ne2+ 40. Kg5 Rb3 41. Kxh5 Rxb5+ 42. Kg4 Rxa5 43. h5 Ra4+ 44. Kxf3 Ng1+ 45. Kg2 Ne2 46. h6 Nf4+ 47. Kh2 Ra3 48. Bg4 1-0

[Event "CAN-op"]
[Site "Sault Ste Marie CAN"]
[Date "2017.07.13"]
[Round "6.1"]
[White "Yang, Kaiqi"]
[Black "Preotu, Razvan"]
[Result "0-1"]
[WhiteElo "2415"]
[BlackElo "2496"]
[WhiteFideId "-1"]
[WhiteFideId "-1"]
[PlyCount "84"]
[GameId "2160767908343867"]
[EventDate "2017.07.08"]
[EventType "swiss"]
[EventRounds "9"]
[EventCountry "CAN"]
[SourceTitle "hb 2017"]

1. Nf3 c5 2. c4 Nc6 3. Nc3 e5 4. g3 g6 5. Bg2 Bg7 6. O-O Nge7 7. a3 O-O 8. Rb1 a5 9. d3 d6 10. Ne1 Be6 11. Nc2 d5 12. cxd5 Nxd5 13. Ne3 Nde7 14. Nc4 Rb8 15. Nb5 Nd5 16. Bd2 b6 17. a4 Nd4 18. Nc3 Qd7 19. Nxd5 Bxd5 20. Bc3 Bxg2 21. Kxg2 Rfd8 22. f3 h5 23. h4 f6 24. e3 Nc6 25. Qb3 Kh7 26. Rbd1 Bh6 27. Qc2 Ne7 28. e4 Nc6 29. Qe2 Nd4 30. Bxd4 cxd4 31. f4 exf4 32. gxf4 Qxa4 33. f5 Rg8 34. Kh1 Qd7 35. Rf2 gxf5 36. Qxh5 fxe4 37. Ne5 Qe6 38. Nf7 Rg6 39. Rg1 Rbg8 40. Rxg6 Qh3+ 41. Kg1 Rxg6+ 42. Ng5+ Rxg5+ 0-1

[Event "CAN-op"]
[Site "Sault Ste Marie CAN"]
[Date "2017.07.14"]
[Round "7"]
[White "Preotu, Razvan"]
[Black "Aryan, Chopra"]
[Result "1/2-1/2"]
[WhiteElo "2496"]
[BlackElo "2491"]
[WhiteFideId "-1"]
[WhiteFideId "-1"]
[PlyCount "74"]
[GameId "2160767908343880"]
[EventDate "2017.07.08"]
[EventType "swiss"]
[EventRounds "9"]
[EventCountry "CAN"]
[SourceTitle "EXT 2018"]
[Source "ChessBase"]
[SourceDate "2017.10.13"]
[SourceVersion "1"]
[SourceVersionDate "2017.10.13"]
[SourceQuality "1"]

1. e4 c5 2. Nf3 d6 3. d4 cxd4 4. Nxd4 Nf6 5. Nc3 a6 6. h3 e5 7. Nde2 h5 8. Bg5 Be6 9. Bxf6 Qxf6 10. Nd5 Qd8 11. Nec3 g6 12. Bc4 Bh6 13. O-O O-O 14. Qd3 Nc6 15. Rad1 Rc8 16. Bb3 Kg7 17. Ne2 Qg5 18. Nb6 Nb4 19. Qf3 Rc6 20. Nd5 Nxc2 21. Qd3 Rfc8 22. a3 Kh7 23. Kh1 Bg7 24. Rd2 Nd4 25. f4 Qh4 26. Nxd4 exd4 27. g3 Qxh3+ 28. Rh2 Qxf1+ 29. Qxf1 Rc1 30. Bd1 Bg4 31. Rd2 Rb1 32. f5 Rcc1 33. fxg6+ fxg6 34. Nf6+ Bxf6 35. Qxf6 Rxd1+ 36. Rxd1 Rxd1+ 37. Kg2 Rd2+ 1/2-1/2

[Event "CAN-op"]
[Site "Sault Ste Marie CAN"]
[Date "2017.07.15"]
[Round "8.1"]
[White "Hambleton, Aman"]
[Black "Preotu, Razvan"]
[Result "1/2-1/2"]
[WhiteElo "2471"]
[BlackElo "2496"]
[WhiteFideId "-1"]
[WhiteFideId "-1"]
[PlyCount "29"]
[GameId "2160767908343897"]
[EventDate "2017.07.08"]
[EventType "swiss"]
[EventRounds "9"]
[EventCountry "CAN"]
[SourceTitle "hb 2017"]

1. e4 e5 2. Nf3 Nc6 3. Bb5 Nf6 4. O-O Nxe4 5. Re1 Nd6 6. Nxe5 Be7 7. Bf1 Nxe5 8. Rxe5 O-O 9. d4 Bf6 10. Re1 Re8 11. Rxe8+ Qxe8 12. Bf4 Nf5 13. c3 c6 14. Nd2 d5 15. Bd3 1/2-1/2

[Event "CAN-op"]
[Site "Sault Ste Marie CAN"]
[Date "2017.07.16"]
[Round "9.1"]
[White "Preotu, Razvan"]
[Black "Vovk, Andrey"]
[Result "1/2-1/2"]
[WhiteElo "2406"]
[BlackElo "2630"]
[WhiteFideId "-1"]
[WhiteFideId "-1"]
[PlyCount "79"]
[GameId "2160767908343911"]
[EventDate "2017.07.08"]
[EventType "swiss"]
[EventRounds "9"]
[EventCountry "CAN"]
[SourceTitle "hb 2017"]

1. e4 c5 2. Nf3 d6 3. d4 cxd4 4. Nxd4 Nf6 5. Nc3 Nc6 6. Bg5 e6 7. Qd2 a6 8. O-O-O Bd7 9. f3 b5 10. Nxc6 Bxc6 11. Ne2 Bb7 12. Nd4 Be7 13. h4 O-O 14. g4 Rc8 15. Bd3 Nd7 16. Qe3 Re8 17. Kb1 Qb6 18. Bxe7 Rxe7 19. h5 h6 20. Be2 Qc5 21. Rd3 b4 22. c3 Ne5 23. cxb4 Qxb4 24. Rb3 Qa4 25. g5 hxg5 26. h6 gxh6 27. Rxh6 Ng6 28. a3 Rcc7 29. Rb4 Qa5 30. Bb5 axb5 31. Qxg5 Bc8 32. Nb3 Qa7 33. e5 Rc4 34. exd6 Rd7 35. Rxg6+ fxg6 36. Qxg6+ Kf8 37. Qf6+ Kg8 38. Qg6+ Kf8 39. Qf6+ Kg8 40. Qg6+ 1/2-1/2

[Event "PRO League KO Stage"]
[Site "chess.com INT"]
[Date "2017.03.01"]
[Round "1"]
[White "Abreu Delgado, Aryam"]
[Black "Preotu, Razvan"]
[Result "0-1"]
[WhiteElo "2456"]
[BlackElo "2495"]
[WhiteFideId "-1"]
[WhiteFideId "-1"]
[PlyCount "68"]
[GameId "2130307635416114"]
[EventDate "2017.03.01"]
[EventType "k.o."]
[EventRounds "5"]
[EventCountry "USA"]
[SourceTitle "The Week in Chess 1165"]
[Source "Mark Crowther"]
[SourceDate "2017.03.06"]
[SourceVersion "1"]
[SourceVersionDate "2017.03.06"]
[SourceQuality "2"]
[WhiteTeam "Miami Champions"]
[BlackTeam "Toronto Dragons"]

1. e4 c5 2. Nf3 d6 3. d4 cxd4 4. Qxd4 e5 5. Bb5+ Nd7 6. Qd3 h6 7. O-O Ngf6 8. c4 Be7 9. Nc3 O-O 10. Be3 Nb6 11. a4 Be6 12. Nd5 Bxd5 13. cxd5 Ng4 14. a5 Nxe3 15. fxe3 Nd7 16. b4 a6 17. Ba4 Nf6 18. Nd2 Rc8 19. Nc4 Rc7 20. Nb6 g6 21. h3 Kg7 22. Rac1 h5 23. Rc4 Rxc4 24. Qxc4 h4 25. Rc1 Nh5 26. Qd3 Bg5 27. Rc3 f5 28. exf5 Rxf5 29. Bd1 Ng3 30. Be2 Qf6 31. e4 Rf1+ 32. Bxf1 Be3+ 33. Kh2 Nxf1+ 34. Kh1 Qf2 0-1